000 00466nam a2200169 i 4500
001 99105
003 ES-MaACL
005 20230906182435.0
007 t|
008 051121s1968 pr ||||1| spa d
080 _a821.134.2(729.5)-14"19"
100 1 _aMéndez Méndez, Irma.
_980164
245 1 0 _aEn mis horas quietas /
_cIrma Méndez Méndez.
260 _aPuerto Rico :
_b[s.n.],
_c1968.
300 _a73 p. ;
_c22 cm.
852 _aES-MaACL
_jE-11079
_bR.136775
999 _c99105
_d99105